00478cam a22001932a 4500001000900000003001100009008004300020020001800063100002100081245003700102250001100139260001700150260001300167260000900180300001000189440002600199500002800225650003100253 019157 AR-FADEU 311216n2006####xxu####################dd a950-12-8741-5 aFoucault, Michel aEnfermedad mental y personalidad a3a. ed aBuenos Aires bPaidós c2006 a122 p aPaidós, studio n41 aInv. 8654 Texto de Sala aSALUD MENTAL; PERSONALIDAD